Fr. Conceicao Rodrigues College of Engineering

Mobile Communications Handbook (Record no. 25987)

MARC details
000 -LEADER
fixed length control field 00286nam a2200133Ia 4500
082 ## - DEWEY DECIMAL CLASSIFICATION NUMBER
Classification number 621.3845
Item number GIB
100 ## - MAIN ENTRY--PERSONAL NAME
Personal name Gibson/Jerry D
250 ## - EDITION STATEMENT
Edition statement 2
245 ## - TITLE STATEMENT
Title Mobile Communications Handbook
260 ## - PUBLICATION, DISTRIBUTION, ETC.
Name of publisher, distributor, etc. CRC press(Ieee)
Date of publication, distribution, etc. 1999
546 ## - LANGUAGE NOTE
Language note ENGLISH
654 ## - SUBJECT ADDED ENTRY--FACETED TOPICAL TERMS
Focus term mobile
942 ## - ADDED ENTRY ELEMENTS (KOHA)
Koha item type Reference Book
Holdings
Withdrawn status Lost status Damaged status Not for loan Collection Home library Current library Date acquired Total Checkouts Full call number Barcode Date last seen Price effective from Koha item type
        CRC Fr. Agnel's C.Rodrigues College of Engineering Fr. Agnel's C.Rodrigues College of Engineering 17/03/2023   621.3845 GIB 15947 17/03/2023 17/03/2023 Reference Book